00631cam a22002053a 450000100060000000300060000600500170001200800410002904000150007004200070008505000060009210000500009824501150014826000290026350600300029251600200032265300120034283000290035485600420038320417PGUSA20140828083431.0070122s2007||||xxu|||||s|||||000 | eng d aPGUSAbeng adc 4aQ1 aThomson, J. Arthurq(John Arthur),d1861-193314aThe Outline of Science, Vol. 1 (of 4) :bA Plain Story Simply Toldh[electronic resource] /cJ. Arthur Thomson bProject Gutenberg,c2007 aPublic domain in the USA. aElectronic text aScience 0aProject Gutenbergv2041740uhttp://www.gutenberg.org/ebooks/20417